| 000 | 00434nam a22001217a 4500 | ||
|---|---|---|---|
| 999 |
_c9961 _d9961 |
||
| 003 | OSt | ||
| 008 | 201217b ||||| |||| 00| 0 eng d | ||
| 245 | _aInternational Journal of Computing Science and Communication (IJCSC) | ||
| 250 | _a2017(Jan-Jun Vol.8 No.1, Dec Vol.8 No.2) 2018(Jan-Jun Vol.9 No.1, Jul-Dec Vol.9 No.2) | ||
| 260 |
_aNew Delhi _bSerials Publication [P] Ltd. |
||
| 650 | _aComputer Science Engineering | ||
| 942 |
_2ddc _cBV |
||